| 000 | 00511nam a2200145 i 4500 | ||
|---|---|---|---|
| 001 | 70322 | ||
| 003 | ES-MaACL | ||
| 007 | t| | ||
| 008 | 040721s1955 sp ||||1| spa d | ||
| 100 | 1 |
_aGarcía Royo, Amando. _955227 |
|
| 245 | 1 | 0 |
_aRégimen de los Arrendamientos rústicos protegidos según la Ley de 15 de julio de 1954 y disposiciones complementarias / _cAmando García Royo. |
| 260 |
_aSoria : _b[s.n., _c1955] ( _ePamplona : _fGómez) |
||
| 300 |
_a580 p. ; _c24 cm. |
||
| 852 |
_aES-MaACL _jC-7772 _bR.37888 |
||
| 999 |
_c70322 _d70322 |
||